000 00610nam a2200205Ia 4500
003 GCL
008 140319s9999 xx 000 0 ara d
040 _aGCL /
_cGCL
082 0 4 _a891.55
_bف ش
100 1 _aابوالقاسم الفردوسى
245 1 0 _aالشاهنامة /
_cابوالقاسم الفردوسى
700 1 _aالفتح بن على البندارى
260 _a[S.N] :
_bدار الكتب المصرية ،
_c1932
300 _a345 ص
490 _a
650 0 4 _aالادب
650 0 4 _aالادب الفارسى
650 0 4 _aالنثر المترجم
942 _2ddc
_cBK
999 _c58681
_d58681